[Event "BL 2324 (Women)"]
[Site "Germany"]
[Date "2023.10.15"]
[Round "2.3"]
[White "Gosciniak, Maria"]
[Black "Genova, Liubka"]
[Result "1/2-1/2"]
[WhiteElo "2086"]
[BlackElo "2249"]
[PlyCount "52"]
[EventDate "2023.10.14"]
[EventType "team-tourn"]
[EventRounds "11"]
[EventCountry "GER"]
[SourceTitle "CB48_2023"]
[SourceDate "2023.11.29"]
[SourceVersion "1"]
[SourceVersionDate "2023.11.29"]
[SourceQuality "1"]
[WhiteTeam "Harksheide (W)"]
[BlackTeam "Hamburger SK (W)"]
[WhiteTeamCountry "GER"]
[BlackTeamCountry "GER"]

1. e4 c5 2. Nf3 e6 3. c4 Nc6 4. d4 cxd4 5. Nxd4 Nf6 6. Nc3 Bb4 7. Nxc6 bxc6 8. Bd3 e5 9. 0-0 0-0 10. Qe2 d6 11. Na4 c5 12. Bg5 h6 13. Bxf6 Qxf6 14. Rad1 Bd7 15. Bc2 Bc6 16. Rd3 Rad8 17. Rfd1 Qe6 18. Rg3 Kh8 19. Nc3 Bxc3 20. Rxc3 Rb8 21. b3 Rb6 22. Qh5 a5 23. a4 Bb7 24. Qh4 Re8 25. Rf3 Kg8 26. h3 Qe7 1/2-1/2

[Event "POL-chT 2nd League"]
[Site "Jastrzebia Gora"]
[Date "2022.09.08"]
[Round "6.17"]
[White "Gosciniak, Maria"]
[Black "Bednarski, Dawid"]
[Result "1-0"]
[WhiteElo "2094"]
[BlackElo "1989"]
[PlyCount "81"]
[EventDate "2022.09.03"]
[EventType "team-swiss"]
[EventRounds "9"]
[EventCountry "POL"]
[SourceTitle "CBM 210 Extra"]
[Source "ChessBase"]
[SourceDate "2022.11.30"]
[SourceVersion "1"]
[SourceVersionDate "2022.11.30"]
[SourceQuality "1"]
[WhiteTeam "Grzybowo GKSz Solny"]
[BlackTeam "Czestochowa Hetman"]
[WhiteTeamCountry "POL"]
[BlackTeamCountry "POL"]

1. e4 c5 2. Nf3 Nc6 3. d4 cxd4 4. Nxd4 Nf6 5. Nc3 e5 6. Ndb5 d6 7. Nd5 Nxd5 8. exd5 Nb8 9. c4 a6 10. Nc3 Be7 11. Be2 0-0 12. 0-0 f5 13. f4 Nd7 14. Kh1 exf4 15. Bxf4 g5 16. Be3 Ne5 17. b4 Bd7 18. c5 g4 19. Qd2 Ng6 20. Bh6 Rf7 21. c6 Bc8 22. Bd3 bxc6 23. dxc6 d5 24. c7 Qd6 25. Rad1 Bf8 26. Bxf8 Kxf8 27. Qh6+ Kg8 28. Bc4 Bb7 29. Nxd5 Raf8 30. Ne3 Qxc7 31. Bxf7+ Rxf7 32. Rxf5 Rxf5 33. Nxf5 Bxg2+ 34. Kg1 Qa7+ 35. Kxg2 Qb7+ 36. Kg1 Qb6+ 37. Qe3 Qf6 38. Qe8+ Nf8 39. Rf1 Qb6+ 40. Ne3 Qxb4 41. Qf7+ 1-0

[Event "BL 1920 (Women)"]
[Site "Germany"]
[Date "2020.02.15"]
[Round "7.3"]
[White "Gosciniak, Maria"]
[Black "Lubbe, Melanie"]
[Result "0-1"]
[WhiteElo "2132"]
[BlackElo "2264"]
[PlyCount "118"]
[EventDate "2019.09.14"]
[EventType "team-tourn"]
[EventRounds "11"]
[EventCountry "GER"]
[SourceTitle "CBM 195 Extra"]
[Source "ChessBase"]
[SourceDate "2020.05.31"]
[SourceVersion "1"]
[SourceVersionDate "2020.05.31"]
[SourceQuality "1"]
[WhiteTeam "Harksheide (W)"]
[BlackTeam "Rodewisch (W)"]
[WhiteTeamCountry "GER"]
[BlackTeamCountry "GER"]

1. e4 c5 2. Nf3 e6 3. d4 cxd4 4. Nxd4 Nf6 5. Nc3 Nc6 6. Nxc6 bxc6 7. Bd3 e5 8. 0-0 Be7 9. Kh1 d6 10. f4 Ng4 11. h3 h5 12. fxe5 Nxe5 13. Bf4 Bg5 14. Bxe5 dxe5 15. Bc4 Qxd1 16. Bxf7+ Ke7 17. Raxd1 Ba6 18. Rf3 Bf4 19. g3 Bg5 20. Bb3 Raf8 21. Rxf8 Rxf8 22. Ba4 Rf6 23. h4 Bh6 24. Kg2 Bc8 25. Rd3 Bg4 26. b4 a6 27. Bb3 Bc1 28. a4 Ba3 29. b5 Bc5 30. bxc6 Rf2+ 31. Kg1 Rxc2+ 32. Kh1 Rc1+ 33. Kg2 Bd4 34. Nd5+ Kd6 35. c7 Kd7 36. a5 Ra1 37. Bc4 Rxa5 38. Rb3 Ra2+ 39. Kf1 Ra1+ 40. Kg2 Ra2+ 41. Kh1 Ra4 42. Bf1 Ra1 43. Kg2 Ra2+ 44. Kh1 Kd6 45. Bc4 Ra4 46. Bf1 Ra1 47. Kg2 Ra2+ 48. Kh1 a5 49. Bc4 a4 50. Rb6+ Bxb6 51. Bxa2 Bxc7 52. Nc3 Bd7 53. Bf7 Ba5 54. Nxa4 Bxa4 55. Bxh5 Kc5 56. Bg6 Kd4 57. Kg2 Ke3 58. g4 Kf4 59. Kh3 Bd7 0-1

[Event "BL 1920 (Women)"]
[Site "Germany"]
[Date "2019.09.15"]
[Round "2.4"]
[White "Hapala, Elisabeth"]
[Black "Gosciniak, Maria"]
[Result "1-0"]
[WhiteElo "2137"]
[BlackElo "2132"]
[PlyCount "121"]
[EventDate "2019.09.14"]
[EventType "team-tourn"]
[EventRounds "11"]
[EventCountry "GER"]
[SourceTitle "EXT 2020"]
[Source "ChessBase"]
[SourceDate "2019.10.17"]
[SourceVersion "1"]
[SourceVersionDate "2019.10.17"]
[SourceQuality "1"]
[WhiteTeam "Lehrte (W)"]
[BlackTeam "Harksheide (W)"]
[WhiteTeamCountry "GER"]
[BlackTeamCountry "GER"]

1. e4 Nf6 2. e5 Nd5 3. d4 d6 4. c4 Nb6 5. exd6 exd6 6. Nc3 Be7 7. h3 0-0 8. Nf3 Re8 9. Be2 Bf6 10. 0-0 Nc6 11. Be3 d5 12. c5 Nc4 13. Bc1 b6 14. b3 N4a5 15. cxb6 axb6 16. Bf4 Na7 17. Rc1 c6 18. Bd3 Be6 19. Qd2 c5 20. dxc5 bxc5 21. Nb5 Nxb5 22. Bxb5 Rf8 23. Rxc5 Qb6 24. Be3 d4 25. Bxd4 Rfd8 26. Rd5 Rxd5 27. Bxb6 Rxd2 28. Nxd2 Rb8 29. Bxa5 Rxb5 30. Bc7 Rc5 31. Bf4 Rc2 32. a4 Bc3 33. Nc4 h6 34. Rc1 Bf5 35. a5 Rxc1+ 36. Bxc1 Bc8 37. Bd2 Bd4 38. Kf1 Ba6 39. Ke2 Bc5 40. f3 f5 41. Kd3 g5 42. Be3 Bb4 43. Bb6 Kf7 44. Kd4 Ke6 45. Ne3 Bd2 46. Nc4 Be1 47. Kc5 h5 48. b4 Bf2+ 49. Kc6 Bxc4 50. Bxf2 Bf1 51. b5 Bxg2 52. b6 Bxf3+ 53. Kc7 f4 54. b7 Bxb7 55. Kxb7 g4 56. hxg4 hxg4 57. a6 g3 58. Be1 Kf5 59. a7 Kg4 60. a8Q Kh3 61. Kb6 1-0

[Event "POL-chT 1st League"]
[Site "Dzwirzyno"]
[Date "2019.09.12"]
[Round "6.1"]
[White "Gosciniak, Maria"]
[Black "Lach, Aleksandra"]
[Result "0-1"]
[WhiteElo "2132"]
[BlackElo "2173"]
[PlyCount "142"]
[EventDate "2019.09.07"]
[EventType "team-tourn"]
[EventRounds "9"]
[EventCountry "POL"]
[SourceTitle "EXT 2020"]
[Source "ChessBase"]
[SourceDate "2019.10.17"]
[SourceVersion "1"]
[SourceVersionDate "2019.10.17"]
[SourceQuality "1"]
[WhiteTeam "Grzybowo GKSz Solny"]
[BlackTeam "Czestochowa Hetman"]
[WhiteTeamCountry "POL"]
[BlackTeamCountry "POL"]

1. e4 e6 2. d4 d5 3. Nc3 dxe4 4. Nxe4 Nd7 5. Nf3 Ngf6 6. Nxf6+ Nxf6 7. c3 c5 8. Bg5 cxd4 9. Bb5+ Bd7 10. Bxd7+ Qxd7 11. Bxf6 gxf6 12. Qxd4 Qxd4 13. Nxd4 Bc5 14. Nb3 Bb6 15. a4 a5 16. 0-0 Rc8 17. Nd2 Ke7 18. Rfd1 Rhd8 19. Nf3 e5 20. Nd2 f5 21. Kf1 f6 22. Rac1 Rd3 23. Nb1 Rxd1+ 24. Rxd1 Rc4 25. b3 Rf4 26. Rd2 Rh4 27. h3 e4 28. Re2 Bc5 29. Nd2 Kd7 30. Nc4 b6 31. Rd2+ Kc7 32. Ne3 Bxe3 33. fxe3 f4 34. Kf2 f3 35. Kg3 fxg2 36. Rxg2 Rh5 37. Rf2 Rg5+ 38. Kf4 Re5 39. Rg2 Kc6 40. Rg7 Rh5 41. Kxe4 Rh4+ 42. Kd3 Rxh3 43. Rf7 Rh6 44. Kd4 b5 45. axb5+ Kxb5 46. e4 Kc6 47. c4 Kb6 48. Kd5 Rh5+ 49. Kd6 Rh3 50. c5+ Ka6 51. Kc7 Rxb3 52. Rxf6+ Ka7 53. c6 Re3 54. Kd7 Rc3 55. Kc8 a4 56. Rf7+ Ka6 57. c7 a3 58. Rxh7 a2 59. Rh6+ Ka7 60. Rh1 Kb6 61. Ra1 Rxc7+ 62. Kd8 Ra7 63. Kc8 Kc5 64. Kb8 Ra3 65. Kb7 Kd4 66. Kc6 Kxe4 67. Kc5 Kd3 68. Kb4 Ra8 69. Kb3 Rb8+ 70. Ka3 Kc2 71. Rxa2+ Kc3 0-1

[Event "POL-chT 1st League"]
[Site "Dzwirzyno"]
[Date "2019.09.10"]
[Round "4.2"]
[White "Miturova, Magdalena"]
[Black "Gosciniak, Maria"]
[Result "1/2-1/2"]
[WhiteElo "2219"]
[BlackElo "2132"]
[PlyCount "59"]
[EventDate "2019.09.07"]
[EventType "team-tourn"]
[EventRounds "9"]
[EventCountry "POL"]
[SourceTitle "EXT 2020"]
[Source "ChessBase"]
[SourceDate "2019.10.17"]
[SourceVersion "1"]
[SourceVersionDate "2019.10.17"]
[SourceQuality "1"]
[WhiteTeam "Lodz Okucia Budowlane"]
[BlackTeam "Grzybowo GKSz Solny"]
[WhiteTeamCountry "POL"]
[BlackTeamCountry "POL"]

1. Nf3 c5 2. c4 g6 3. Nc3 Bg7 4. g3 Nc6 5. Bg2 Nf6 6. 0-0 0-0 7. d4 cxd4 8. Nxd4 Nxd4 9. Qxd4 d6 10. Qe3 a6 11. Bd2 Rb8 12. a4 Ng4 13. Qa7 Be6 14. Nd5 Bxd5 15. cxd5 b5 16. Qxa6 Bxb2 17. Ra2 bxa4 18. Qxa4 Nf6 19. Qc2 Bd4 20. e3 Bc5 21. Bc3 Qc7 22. Bd4 Rb5 23. Rc1 Qb6 24. Bf1 Ra5 25. Rb2 Qa7 26. Bc3 Ra3 27. Bg2 Ra8 28. Bb4 Bxb4 29. Rxb4 Ra2 30. Rb2 1/2-1/2

[Event "POL-chT 1st League"]
[Site "Dzwirzyno"]
[Date "2019.09.07"]
[Round "1.3"]
[White "Gosciniak, Maria"]
[Black "Cieslak, Wiktoria"]
[Result "1-0"]
[WhiteElo "2132"]
[BlackElo "2063"]
[PlyCount "95"]
[EventDate "2019.09.07"]
[EventType "team-tourn"]
[EventRounds "9"]
[EventCountry "POL"]
[SourceTitle "EXT 2020"]
[Source "ChessBase"]
[SourceDate "2019.10.17"]
[SourceVersion "1"]
[SourceVersionDate "2019.10.17"]
[SourceQuality "1"]
[WhiteTeam "Grzybowo GKSz Solny"]
[BlackTeam "Rybnik"]
[WhiteTeamCountry "POL"]
[BlackTeamCountry "POL"]

1. e4 c5 2. Nf3 d6 3. d4 cxd4 4. Nxd4 Nf6 5. Nc3 a6 6. f3 e5 7. Nb3 Be6 8. Be3 Be7 9. Qd2 h5 10. Be2 Nbd7 11. 0-0 0-0 12. a4 Rc8 13. a5 Re8 14. Rfd1 Qc7 15. Bf1 Nf8 16. Qf2 Ng6 17. Rd2 h4 18. Nc1 Qc6 19. Bd3 d5 20. exd5 Nxd5 21. Be4 Red8 22. N1e2 Ngf4 23. Nxf4 exf4 24. Bb6 Qc4 25. Bxd5 Bxd5 26. Rad1 Bb4 27. Rxd5 Rxd5 28. Nxd5 Bc5 29. Bxc5 Qxc5 30. Qxc5 Rxc5 31. Nxf4 Rxc2 32. b4 Rc4 33. Nd3 f6 34. Rd2 Kf7 35. Rb2 Rc6 36. Nc5 b6 37. Nxa6 bxa5 38. b5 Rb6 39. Nc5 Ke7 40. Na4 Rb7 41. b6 Kd6 42. Rb5 g5 43. Rxa5 Rb8 44. Kf2 Kc6 45. Rf5 Rf8 46. Rc5+ Kb7 47. Rc7+ Ka6 48. b7 1-0

[Event "BL 1819 (Women)"]
[Site "Germany"]
[Date "2019.03.01"]
[Round "9.3"]
[White "Gosciniak, Maria"]
[Black "Osmanodja, Filiz"]
[Result "1-0"]
[WhiteElo "2070"]
[BlackElo "2348"]
[PlyCount "141"]
[EventDate "2018.10.27"]
[EventType "team-tourn"]
[EventRounds "11"]
[EventCountry "GER"]
[SourceTitle "CBM 189 Extra"]
[Source "ChessBase"]
[SourceDate "2019.06.03"]
[SourceVersion "1"]
[SourceVersionDate "2019.06.03"]
[SourceQuality "1"]
[WhiteTeam "Harksheide (W)"]
[BlackTeam "Hamburger SK (W)"]
[WhiteTeamCountry "GER"]
[BlackTeamCountry "GER"]

1. Nf3 Nf6 2. g3 b5 3. Bg2 Bb7 4. 0-0 e6 5. d3 Be7 6. e4 d6 7. a4 a6 8. Nbd2 0-0 9. axb5 axb5 10. Rxa8 Bxa8 11. Nd4 Qd7 12. f4 c5 13. N4f3 Nc6 14. h3 Qa7 15. Kh2 Nd7 16. f5 exf5 17. Nh4 Bxh4 18. gxh4 Ne7 19. Qe2 Ng6 20. exf5 Nge5 21. Bxa8 Qxa8 22. Ne4 f6 23. Qg2 Qb8 24. Bf4 Rf7 25. Ng3 Nf8 26. Rg1 Qb7 27. Ne4 Qc7 28. Nc3 Qd7 29. Qe4 Nc6 30. Nd5 Ne7 31. Nxe7+ Qxe7 32. Qxe7 Rxe7 33. Bxd6 Re2+ 34. Rg2 Re1 35. Bxc5 Nd7 36. Bd4 Ne5 37. Bxe5 fxe5 38. Rf2 Kf7 39. Kg2 Kf6 40. Kg3 b4 41. Kf3 Kxf5 42. Rg2 Rh1 43. Rg5+ Kf6 44. Ke4 Re1+ 45. Kd5 Re2 46. c4 h6 47. Rg1 Rxb2 48. Rf1+ Ke7 49. Kxe5 b3 50. Kd4 Rc2 51. Rf5 b2 52. Rb5 Rh2 53. h5 Rxh3 54. Rxb2 Rh4+ 55. Kc5 Rxh5+ 56. Kc6 g5 57. d4 Rh4 58. Rd2 g4 59. d5 g3 60. d6+ Kd8 61. c5 Ra4 62. Rd3 g2 63. Rg3 Ra6+ 64. Kd5 Kd7 65. Rxg2 Ra1 66. Rg7+ Ke8 67. d7+ Kd8 68. Kd6 Rd1+ 69. Kc6 h5 70. Rg8+ Ke7 71. Re8+ 1-0

[Event "BL 1819 (Women)"]
[Site "Germany"]
[Date "2018.10.27"]
[Round "1.2"]
[White "Klek, Hanna Marie"]
[Black "Gosciniak, Maria"]
[Result "1-0"]
[WhiteElo "2278"]
[BlackElo "2070"]
[PlyCount "77"]
[EventDate "2018.10.27"]
[EventType "team-tourn"]
[EventRounds "11"]
[EventCountry "GER"]
[SourceTitle "CBM 188 Extra"]
[Source "ChessBase"]
[SourceDate "2019.02.26"]
[SourceVersion "1"]
[SourceVersionDate "2019.02.26"]
[SourceQuality "1"]
[WhiteTeam "Deizisau (W)"]
[BlackTeam "Harksheide (W)"]
[WhiteTeamCountry "GER"]
[BlackTeamCountry "GER"]

1. e4 Nf6 2. e5 Nd5 3. d4 d6 4. c4 Nb6 5. f4 dxe5 6. fxe5 Nc6 7. Be3 Bf5 8. Nc3 e6 9. Nf3 Be7 10. Be2 0-0 11. 0-0 f6 12. exf6 Bxf6 13. h3 h6 14. Qd2 Qe7 15. Rad1 Rad8 16. Qc1 Bh7 17. Kh1 Kh8 18. Bg1 Rd7 19. Rfe1 Rfd8 20. c5 Nd5 21. Bc4 Qf7 22. Ne4 Be7 23. Bb5 Bxe4 24. Rxe4 Bf6 25. Rf1 Qg8 26. Qe1 Re7 27. Bf2 a6 28. Bc4 Ree8 29. a3 Qf7 30. Bh4 Qg6 31. Ba2 Bg5 32. Bxg5 hxg5 33. Bb1 Nce7 34. Nxg5 Nf5 35. g4 Qxg5 36. gxf5 Nf6 37. Rh4+ Kg8 38. Rg1 exf5 39. Ba2+ 1-0

[Event "BL2 West 1718 (Women)"]
[Site "Germany"]
[Date "2017.10.15"]
[Round "2.3"]
[White "Gosciniak, Maria"]
[Black "Browning, Rebecca"]
[Result "1-0"]
[WhiteElo "2070"]
[BlackElo "1823"]
[PlyCount "53"]
[EventDate "2017.10.14"]
[EventType "team-tourn"]
[EventRounds "7"]
[EventCountry "GER"]
[SourceTitle "EXT 2019"]
[Source "ChessBase"]
[SourceDate "2018.10.10"]
[SourceVersion "1"]
[SourceVersionDate "2018.10.10"]
[SourceQuality "1"]
[WhiteTeam "Norderstedt Harksheide (W)"]
[BlackTeam "Paderborn Blauer Springer (W)"]
[WhiteTeamCountry "GER"]
[BlackTeamCountry "GER"]

1. e4 e6 2. d4 d5 3. Nc3 Nf6 4. e5 Nfd7 5. f4 c5 6. Nf3 Nc6 7. Be3 cxd4 8. Nxd4 Bc5 9. Qd2 a6 10. 0-0-0 Nxd4 11. Bxd4 b5 12. h4 Qa5 13. Kb1 Bb7 14. Bxc5 Nxc5 15. Qd4 b4 16. Ne2 Rc8 17. Ng3 Na4 18. f5 Bc6 19. Bd3 Bb5 20. fxe6 fxe6 21. Qg4 Bd7 22. Qxg7 Nc3+ 23. bxc3 bxc3 24. Qxh8+ Ke7 25. Qf6+ Ke8 26. Ka1 Rb8 27. Qh8+ 1-0

[Event "POL-chT 2nd League"]
[Site "Jastrzebia Gora"]
[Date "2016.09.05"]
[Round "3.84"]
[White "Wasik, Justyna"]
[Black "Gosciniak, Maria"]
[Result "0-1"]
[WhiteElo "1385"]
[BlackElo "2082"]
[PlyCount "58"]
[EventDate "2016.09.03"]
[EventType "team-swiss"]
[EventRounds "9"]
[EventCountry "POL"]
[SourceTitle "EXT 2017"]
[Source "ChessBase"]
[SourceDate "2016.10.25"]
[SourceVersion "1"]
[SourceVersionDate "2016.10.25"]
[SourceQuality "1"]
[WhiteTeam "Rzeszow"]
[BlackTeam "Grzybowo GKSz Solny"]
[WhiteTeamCountry "POL"]
[BlackTeamCountry "POL"]

1. Nf3 Nf6 2. c4 e6 3. d4 Bb4+ 4. Nc3 Bxc3+ 5. bxc3 Ne4 6. Qc2 f5 7. e3 b6 8. Be2 Bb7 9. a4 0-0 10. Ba3 d6 11. Rd1 Nd7 12. d5 e5 13. Bd3 Ndf6 14. h4 Bc8 15. Ke2 Ng4 16. Bxe4 fxe4 17. Qxe4 Bf5 18. Nxe5 Bxe4 19. Nxg4 Bxg2 20. Rh2 Bf3+ 21. Kd2 Bxg4 22. Rg1 h5 23. c5 bxc5 24. Bb2 Rb8 25. Ba1 Qe8 26. c4 Qxa4 27. Rhg2 Qa2+ 28. Kd3 Rb3+ 29. Bc3 Qe2+ 0-1

[Event "POL-chT 2nd League"]
[Site "Jastrzebia Gora"]
[Date "2016.09.04"]
[Round "2.78"]
[White "Gosciniak, Maria"]
[Black "Chrzaszcz, Malvina"]
[Result "1/2-1/2"]
[WhiteElo "2082"]
[BlackElo "2050"]
[PlyCount "120"]
[EventDate "2016.09.03"]
[EventType "team-swiss"]
[EventRounds "9"]
[EventCountry "POL"]
[SourceTitle "EXT 2017"]
[Source "ChessBase"]
[SourceDate "2016.10.25"]
[SourceVersion "1"]
[SourceVersionDate "2016.10.25"]
[SourceQuality "1"]
[WhiteTeam "Grzybowo GKSz Solny"]
[BlackTeam "Myslenice MLKSz"]
[WhiteTeamCountry "POL"]
[BlackTeamCountry "POL"]

1. e4 e5 2. Nf3 Nc6 3. Nc3 Nf6 4. d4 exd4 5. Nxd4 Bb4 6. Nxc6 bxc6 7. Bd3 0-0 8. 0-0 Re8 9. Qf3 Bd6 10. Bg5 Be5 11. Rad1 d6 12. h3 h6 13. Bf4 Qe7 14. Bxe5 Qxe5 15. Qe3 Qa5 16. f4 Rb8 17. Rb1 c5 18. e5 c4 19. Bxc4 dxe5 20. fxe5 Rxe5 21. Qd4 Bb7 22. Bb3 Rbe8 23. Rf2 Ba6 24. Kh2 c5 25. Qf4 Qc7 26. Ba4 Nh5 27. Nd5 Qb7 28. Qxf7+ Qxf7 29. Rxf7 Kxf7 30. Bxe8+ Rxe8 31. Nc7 Re2 32. Nxa6 Nf4 33. Rf1 g5 34. Nxc5 Rxg2+ 35. Kh1 Rxc2 36. Nd3 Kg6 37. Nxf4+ gxf4 38. Rxf4 Rxb2 39. Ra4 Rb7 40. Kg2 Rc7 41. Kg3 Kf5 42. Ra5+ Kg6 43. Ra4 Kf5 44. Kh4 Kg6 45. Kg4 Kf6 46. h4 Kg6 47. h5+ Kg7 48. Ra5 Rf7 49. a4 Kh7 50. Rb5 a6 51. Rb6 Rg7+ 52. Kf4 Rg5 53. Rxa6 Rxh5 54. a5 Rb5 55. Ra8 Kg7 56. a6 Ra5 57. a7 h5 58. Ke4 h4 59. Kf3 h3 60. Kg3 Ra3+ 1/2-1/2

[Event "POL-chT 2nd League"]
[Site "Jastrzebia Gora"]
[Date "2016.09.03"]
[Round "1.60"]
[White "Dziodzio, Angelika"]
[Black "Gosciniak, Maria"]
[Result "1-0"]
[WhiteElo "2064"]
[BlackElo "2082"]
[PlyCount "69"]
[EventDate "2016.09.03"]
[EventType "team-swiss"]
[EventRounds "9"]
[EventCountry "POL"]
[SourceTitle "EXT 2017"]
[Source "ChessBase"]
[SourceDate "2016.10.25"]
[SourceVersion "1"]
[SourceVersionDate "2016.10.25"]
[SourceQuality "1"]
[WhiteTeam "Rybnik MKSz"]
[BlackTeam "Grzybowo GKSz Solny"]
[WhiteTeamCountry "POL"]
[BlackTeamCountry "POL"]

1. e4 Nf6 2. e5 Nd5 3. d4 d6 4. c4 Nb6 5. exd6 exd6 6. Nc3 Bf5 7. Be2 Be7 8. h3 0-0 9. Nf3 Bf6 10. 0-0 Nc6 11. a3 d5 12. c5 Nc4 13. b3 N4a5 14. Be3 Re8 15. Re1 a6 16. Rc1 Bg6 17. Bf1 h6 18. b4 Nc4 19. Nxd5 Nxa3 20. Nxf6+ Qxf6 21. Qb3 Nb5 22. d5 Ncd4 23. Nxd4 Nxd4 24. Qc3 Nf5 25. Qxf6 gxf6 26. Bf4 Rxe1 27. Rxe1 Rd8 28. Bc4 Rc8 29. g4 Nd4 30. Re7 b5 31. cxb6 cxb6 32. Bxa6 Rd8 33. Bb7 Nc2 34. Bc7 Rf8 35. d6 1-0

[Event "Australian Masters (Women)"]
[Site "Melbourne"]
[Date "2016.01.17"]
[Round "4"]
[White "Gosciniak, Maria"]
[Black "Zhang, Jilin"]
[Result "1/2-1/2"]
[WhiteElo "2090"]
[BlackElo "2250"]
[PlyCount "135"]
[EventDate "2016.01.14"]
[EventType "tourn"]
[EventRounds "9"]
[EventCountry "AUS"]
[SourceTitle "CBM 170 Extra"]
[Source "ChessBase"]
[SourceDate "2016.02.25"]
[SourceVersion "1"]
[SourceVersionDate "2016.02.25"]
[SourceQuality "1"]

1. e4 c5 2. Nf3 e6 3. d4 cxd4 4. Nxd4 a6 5. c4 Nf6 6. Nc3 d6 7. Be3 b6 8. Bd3 Bb7 9. 0-0 Nbd7 10. f3 Be7 11. Rc1 Qc7 12. b4 Rc8 13. Nb3 0-0 14. Na4 Qb8 15. c5 b5 16. Na5 dxc5 17. Nxc5 Nxc5 18. bxc5 Ba8 19. Qe1 Nd7 20. Qf2 Ne5 21. Be2 Nc6 22. Nxc6 Bxc6 23. a4 bxa4 24. Bxa6 Rcd8 25. Rb1 Qa8 26. Bb5 Bxb5 27. Rxb5 Bf6 28. Qe1 Rd3 29. Bf4 Bd4+ 30. Kh1 e5 31. Bd2 Qc6 32. Ra5 Ra8 33. Qe2 Rb3 34. Qc4 Rxa5 35. Bxa5 Qb5 36. Qxb5 Rxb5 37. c6 Rc5 38. c7 h5 39. g3 Kh7 40. Bb6 Rc6 41. Bxd4 exd4 42. Ra1 Rxc7 43. Rxa4 d3 44. Rd4 Rc1+ 45. Kg2 Rc2+ 46. Kg1 d2 47. Kf1 d1Q+ 48. Rxd1 Rxh2 49. Rd5 g6 50. Kg1 Ra2 51. Rd7 Kg7 52. Rd6 Kf8 53. Rc6 Ke7 54. Rb6 Kd7 55. Rf6 Ke7 56. Rb6 Kf8 57. Rc6 Kg7 58. Rb6 Kh6 59. Rf6 Kg7 60. Rb6 g5 61. Rb5 Kg6 62. Rb6+ Kg7 63. Rb5 f6 64. e5 fxe5 65. Rxe5 Kf6 66. f4 gxf4 67. gxf4 Ra4 68. Rxh5 1/2-1/2

[Event "Australian Masters (Women)"]
[Site "Melbourne"]
[Date "2016.01.15"]
[Round "2"]
[White "Gosciniak, Maria"]
[Black "Gu, Xiaobing"]
[Result "0-1"]
[WhiteElo "2090"]
[BlackElo "2286"]
[PlyCount "77"]
[EventDate "2016.01.14"]
[EventType "tourn"]
[EventRounds "9"]
[EventCountry "AUS"]
[SourceTitle "CBM 170 Extra"]
[Source "ChessBase"]
[SourceDate "2016.02.25"]
[SourceVersion "1"]
[SourceVersionDate "2016.02.25"]
[SourceQuality "1"]

1. e4 c5 2. Nf3 d6 3. d4 cxd4 4. Nxd4 Nf6 5. Nc3 a6 6. Bg5 e6 7. f4 Qb6 8. Qd2 Nbd7 9. 0-0-0 Be7 10. g4 h6 11. Bxf6 Nxf6 12. Be2 Bd7 13. h4 0-0-0 14. g5 Nh7 15. Kb1 Kb8 16. Bg4 Rc8 17. Nd5 exd5 18. Bxd7 Rc7 19. Bg4 dxe4 20. Nf5 d5 21. Qxd5 Bb4 22. Qb3 h5 23. Bh3 Qa5 24. Ne3 Rc5 25. Nc4 Qc7 26. Rd7 Qc6 27. Ne5 Qb5 28. a3 Ba5 29. Qxb5 Rxb5 30. Bf1 Rb6 31. Nc4 Rb5 32. Nxa5 Rxa5 33. Be2 Rf5 34. Rf1 Nf8 35. Re7 Ng6 36. Rxe4 Nxh4 37. Rh1 Ng6 38. Rxh5 Rd8 39. Bc4 0-1

[Event "Dzwirzyno Gminy Cup"]
[Site "Dzwirzyno"]
[Date "2016.??.??"]
[Round "6"]
[White "Gosciniak, Maria"]
[Black "Antolak, Julia"]
[Result "1-0"]
[WhiteElo "2082"]
[BlackElo "2133"]
[PlyCount "51"]
[EventDate "2016.09.30"]
[EventType "swiss"]
[EventRounds "9"]
[EventCountry "POL"]
[SourceTitle "EXT 2018"]
[Source "ChessBase"]
[SourceDate "2017.10.13"]
[SourceVersion "1"]
[SourceVersionDate "2017.10.13"]
[SourceQuality "1"]

1. e4 c5 2. Nf3 Nc6 3. d4 cxd4 4. Nxd4 g6 5. Nxc6 bxc6 6. Qd4 Nf6 7. e5 Nd5 8. Bc4 Qb6 9. Qe4 Bg7 10. 0-0 Bb7 11. Bb3 0-0 12. c4 Nc7 13. Nc3 Ne6 14. Be3 Qa5 15. f4 f5 16. exf6 Rxf6 17. c5 Raf8 18. Qc2 Kh8 19. Ne4 R6f7 20. Bxe6 dxe6 21. Ng5 Rf5 22. Nxe6 Rb8 23. Nxg7 Kxg7 24. Bd4+ Kg8 25. Be5 Rd8 26. Qb3+ 1-0

[Event "Dzwirzyno Gminy Cup"]
[Site "Dzwirzyno"]
[Date "2016.??.??"]
[Round "4"]
[White "Gosciniak, Maria"]
[Black "Zolnierowicz, Krzysztof"]
[Result "1/2-1/2"]
[WhiteElo "2082"]
[BlackElo "2037"]
[PlyCount "120"]
[EventDate "2016.09.30"]
[EventType "swiss"]
[EventRounds "9"]
[EventCountry "POL"]
[SourceTitle "EXT 2018"]
[Source "ChessBase"]
[SourceDate "2017.10.13"]
[SourceVersion "1"]
[SourceVersionDate "2017.10.13"]
[SourceQuality "1"]

1. b3 e5 2. Bb2 Nc6 3. c4 Nf6 4. g3 d5 5. Bg2 Be6 6. Nf3 d4 7. d3 Bb4+ 8. Nbd2 e4 9. dxe4 Nxe4 10. 0-0 Nc3 11. Qe1 0-0 12. a3 Be7 13. Rc1 Bf5 14. e4 Bg4 15. h3 Bh5 16. Kh1 Re8 17. Nxd4 Nxd4 18. Rxc3 Ne2 19. Re3 Nd4 20. Qb1 c5 21. Nf3 Bf6 22. e5 Nxf3 23. Bxf3 Bxf3+ 24. Rxf3 Bxe5 25. Bxe5 Rxe5 26. Rd1 Qc7 27. Qd3 Qc6 28. Kg2 Re7 29. b4 cxb4 30. axb4 h6 31. b5 Qc5 32. Rf5 Re5 33. Rxe5 Qxe5 34. Qf3 Qc7 35. Qe4 Rc8 36. Rd4 a5 37. bxa6 bxa6 38. Qf3 a5 39. Rf4 a4 40. c5 Qd7 41. Qa3 Qb7+ 42. Kh2 Re8 43. Qxa4 Re6 44. Qd1 Qc6 45. Rc4 g6 46. Qh1 Qb5 47. Qd5 Qb2 48. Rf4 Qb5 49. Qd8+ Kg7 50. Qc7 Qe8 51. Qb7 Rc6 52. Qb2+ Kg8 53. Qc3 Qc8 54. Rc4 Qf5 55. Qd4 h5 56. Rb4 Rxc5 57. Qd8+ Kh7 58. Rf4 Qe6 59. Rf6 Rc8 60. Qd4 Qe7 1/2-1/2

[Event "Dzwirzyno Gminy Cup"]
[Site "Dzwirzyno"]
[Date "2016.??.??"]
[Round "8"]
[White "Mista, Aleksander"]
[Black "Gosciniak, Maria"]
[Result "1-0"]
[WhiteElo "2584"]
[BlackElo "2082"]
[PlyCount "71"]
[EventDate "2016.09.30"]
[EventType "swiss"]
[EventRounds "9"]
[EventCountry "POL"]
[SourceTitle "EXT 2018"]
[Source "ChessBase"]
[SourceDate "2017.10.13"]
[SourceVersion "1"]
[SourceVersionDate "2017.10.13"]
[SourceQuality "1"]

1. e4 Nf6 2. e5 Nd5 3. d4 d6 4. Nf3 Bg4 5. Be2 e6 6. 0-0 Nc6 7. c4 Nb6 8. exd6 cxd6 9. d5 exd5 10. cxd5 Bxf3 11. Bxf3 Ne5 12. Be2 Be7 13. Nc3 0-0 14. Qb3 f5 15. a4 f4 16. Ne4 Nbd7 17. Bd2 b6 18. f3 Nc5 19. Qc2 a5 20. Bb5 Rc8 21. Bc3 Ng6 22. Rac1 Nh4 23. Rfe1 Nf5 24. Nxc5 dxc5 25. Qe4 Bd6 26. Qe6+ Kh8 27. Bd3 Rc7 28. Bxf5 Re7 29. Qh6 Rxf5 30. Re6 Be5 31. Qh4 g5 32. Qh3 Rxe6 33. Qxf5 Bxc3 34. Qxe6 Bd4+ 35. Kh1 Qa8 36. d6 1-0